Diritto e cultura nella Sicilia medievale e moderna

Na minha lista:
Detalhes bibliográficos
Autor principal: Romano, Andrea (Author)
Formato: Livro
Idioma:Língua italiana
Publicado em: Catanzaro Rubbettino 1994
Assuntos:
Tags: Adicionar Tag
Sem tags, seja o primeiro a adicionar uma tag!

MARC

LEADER 00000nam a2200000 a 4500
001 UCZ6430
003 CL-VaPUC
008 951211e19940000IT |||||||||||||||||ita|d
082 0 4 |a 340.55  |b ROM  |2 21 
100 0 |a Romano, Andrea  |e author  |9 350718 
245 1 0 |a Diritto e cultura nella Sicilia medievale e moderna 
300 |a 590 p 
942 |c BK 
945 |d 19951211 00:00:00  |a rleighto 
260 |a Catanzaro  |b Rubbettino  |c 1994 
650 7 |a DERECHO  |2 CL-VaPUC  |9 350719 
650 0 |a Cultura  |9 269059 
650 0 |a Edad media  |9 258041 
651 0 |a Sicilia  |9 347334 
651 0 |a Italia  |9 254949 
583 |a last modification  |c 19951211 00:00:00  |k Rodrigo Vera 
999 |c 242633  |d 242631 
952 |0 0  |1 0  |4 0  |6 340_550000000000000_ROM_1994  |7 0  |8 DER_HIS  |9 255699  |a BIBDER  |b BIBDER  |d 2019-11-19  |i 316022K  |o 340.55 ROM 1994  |p 316022K  |r 2023-01-25  |w 2019-11-19  |x Ubicación 4to Piso  |y BK  |z Estos recursos deben solicitarse con anticipación  |k DER